It looks like you're offline.
Open Library logo
additional options menu

MARC record from Internet Archive

LEADER: 00577pam a2200205 a 4500
001 86000599
003 DLC
005 19860728000000.0
008 860123s1986 nyuc 00110 eng
010 $a 86000599
020 $a0823906809 :$c$9.97
050 0 $aBF575.A85$bM36 1986
082 0 $a158/.1$219
100 10 $aMcFarland, Rhoda.
245 10 $aCoping through assertiveness /$cby Rhoda McFarland.
250 $a1st ed.
260 0 $aNew York :$bRosen Pub. Group,$c1986.
300 $aiv, 140 p. :$bport. ;$c22 cm.
500 $aIncludes index.
650 0 $aAssertiveness (Psychology)